Score 0/26 Timer 04:00
1 Play Today
# Entries Country % Correct
6United States of America
99.2%
5France
98.5%
2Italy
95.7%
7Spain
94.7%
2China
94.2%
2United Kingdom
92.3%
2Mexico
91.4%
2Russia
91.1%
1Brazil
81%
2Denmark
79.2%
1Argentina
76.4%
1Portugal
74.6%
1Switzerland
74%
# Entries Country % Correct
1Austria
68.4%
1Germany
68.3%
2Japan
67.8%
1Sweden
67%
1South Africa
66.6%
2Thailand
66.2%
2Peru
65.4%
1Belgium
64.5%
1Netherlands
64.5%
1Singapore
61%
1Chile
60.2%
1Colombia
48.2%
1Slovenia
16.5%

You're not logged in!

Compare scores with friends on all Sporcle quizzes.
OR
Log In

Sporcle TV

Today on Sporcle TV


Watch our educational content, quiz creation guides, and fun videos on Sporcle TV.

Show Comments

Extras

Top Quizzes Today


Score Distribution

Paid Content

Your Account Isn't Verified!

In order to create a playlist on Sporcle, you need to verify the email address you used during registration. Go to your Sporcle Settings to finish the process.

Report this User

Report this user for behavior that violates our Community Guidelines.

Details: